| 000 | 00782nam a22002297a 4500 | ||
|---|---|---|---|
| 003 | OSt | ||
| 005 | 20250826081311.0 | ||
| 008 | 250826b |||||||| |||| 00| 0 eng d | ||
| 020 | _a1-4129-0652-0 | ||
| 040 |
_aDWCL-Main lib _cOC |
||
| 082 |
_22nd ed. _aCirc. 370.71 Sp741 2004 |
||
| 100 | _aMarsha Speck | ||
| 245 |
_aWhy can't we get it right? designing high-quality professional development for standards-based schools/ _cMarsha Speck |
||
| 250 | _a2nd ed. | ||
| 260 |
_aCalifornia : _bA Sage Publications Company, _cc2004 |
||
| 300 |
_axvi, 161 p. _c25 cm. |
||
| 504 | _aIncludes bibliographical references and index | ||
| 650 | _a1. Teachers- in service training | ||
| 650 | _a2. Teachers- trainings | ||
| 700 | _aCaroll Knipe | ||
| 942 |
_2ddc _cBK-CIRC _e2nd ed. _kCirc. _n0 |
||
| 999 |
_c4281 _d4281 |
||